000 00450nam a2200157 4500
001 148683
003 ES-MaACL
005 20230906202748.0
007 t|
008 070214s1965 sp r ||||1| spa d
100 1 _aSuárez Montes, Rodrigo Fabio.
_9108642
245 1 3 _aEl cheque en descubierto /
_cRodrigo Fabio Suárez Montes.
260 _aBarcelona :
_bEd. Ariel,
_c1965.
300 _a74 p. ;
_c24 cm.
852 _aES-MaACL
_jC-27187
_bR.55813
999 _c148683
_d148683